00666nam a2200193Ia 4500001002300000003000900023008004100032040002300073041001300096100002300109240005900132245002300191250001500214260003900229300001900268490002500287501012400312700003600436248.3-ZAN em di (6692)IT-MiSPE171229s9999||||xx |||||||||||||| ||und|| aIT-MiSPEcIT-MiSPE aITALIANO aEmmanuele Zanetti  aDie Stimmgabel der Liebe: Wie finde ich Gott im Alltag 0aDio nel quotidiano a1a ed. (v) aCinisello B. mobEd. Paolinec1988 a125 p. c20 cm aFelici di viverev13 aEdizioni San Paolo srl - Piazza Soncino, 5 - 20092 CINISELLO BALSAMO (MI) (non commercial uses only) ® Copyright 2018 aEmmanuele Zanettig(traduzione)